Metamodeling For Method Engineering (Record no. 326048)
[ view plain ]
| 000 -LEADER | |
|---|---|
| fixed length control field | 00545nam a2200169Ia 4500 |
| 008 - FIXED-LENGTH DATA ELEMENTS--GENERAL INFORMATION | |
| fixed length control field | 230718s9999 xx 000 0 und d |
| 020 ## - INTERNATIONAL STANDARD BOOK NUMBER | |
| International Standard Book Number | 9780262101080 |
| 041 ## - LANGUAGE CODE | |
| Language code of text/sound track or separate title | eng |
| 082 ## - DEWEY DECIMAL CLASSIFICATION NUMBER | |
| Classification number | 003.3 |
| Item number | JEU |
| 100 ## - MAIN ENTRY--PERSONAL NAME | |
| Personal name | Jeusfeld M.A.(Editor) |
| 9 (RLIN) | 174528 |
| 245 ## - TITLE STATEMENT | |
| Title | Metamodeling For Method Engineering |
| 260 ## - PUBLICATION, DISTRIBUTION, ETC. (IMPRINT) | |
| Date of publication, distribution, etc. | 2009 |
| Name of publisher, distributor, etc. | MIT Press |
| 300 ## - PHYSICAL DESCRIPTION | |
| Extent | 399 |
| Accompanying material [OBSOLETE, CAN/MARC] | Ref 1444 C (37255) |
| 365 ## - TRADE PRICE | |
| Currency code | Rs. |
| Price amount | 2700.50 |
| 700 ## - ADDED ENTRY--PERSONAL NAME | |
| Personal name | Jeusfeld M.A.(Editor), Jarke M.(Editor) & Mylopoulos J.(Editor) |
| 9 (RLIN) | 191610 |
| 906 ## - LOCAL DATA ELEMENT F, LDF (RLIN) | |
| d | O:0117716-Oct-2010B:110110068029-Sep-2010 |
| c | COMP |
| b | 540.1 |
| Withdrawn status | Lost status | Source of classification or shelving scheme | Reference No | Damaged status | Not for loan | Home library | Current library | Date acquired | Vendor | Budget Code | Cost, normal purchase price | Bill number | Full call number | Barcode | Date last seen | Discount | Cost, replacement price | Bill Date | Koha item type | Original Barcode |
|---|---|---|---|---|---|---|---|---|---|---|---|---|---|---|---|---|---|---|---|---|
| Dewey Decimal Classification | Ref 1444 C (37255) | Reference | Cummins College of Engineering for Women Pune | Cummins College of Engineering for Women Pune | 16/10/2010 | Varma Book Distributors | COMP | 2160.40 | 1101100680 | 003.3 | CCEP-BK-37255 | 18/07/2023 | 540.1 | 2700.50 | 29/09/2010 | Books | 037255 |